| 000 | 00645cam a22002291 4500 | ||
|---|---|---|---|
| 001 | 8480060 | ||
| 005 | 20180223093851.0 | ||
| 008 | 720203s1967 nyua b 000 0 eng | ||
| 010 | _a 67013377 | ||
| 035 | _a(OCoLC)232775 | ||
| 040 |
_aDLC _cDLC _dOCoLC _dDLC |
||
| 041 | _aeng | ||
| 042 | _apremarc | ||
| 080 | _a375.6137 fra | ||
| 082 | _a375.6137 fra | ||
| 100 | 1 | _a48 | |
| 101 | _aedu | ||
| 245 | 1 | 4 |
_aThe organization and administration of physical education _c[by] Edward F. Voltmer [and] Arthur A. Esslinger. |
| 504 | _aIncludes bibliographies. | ||
| 906 |
_a7 _bcbc _coclcrpl _du _encip _f19 _gy-gencatlg |
||
| 942 |
_2ddc _cBK |
||
| 999 |
_c43329 _d43329 |
||